Clickable Sporcle Quiz Show: Literature Stats

 Plays Quiz Updated Jun 23, 2017

Support Sporcle.
Go Orange.
Score 0/30 Timer 07:00
0 Plays Today
% Correct
HARRY POTTER
90.7%
CARRIE
89.5%
CAMELOT
88.6%
SLITHY
88.2%
A CLOCKWORK
ORANGE
88%
BURBLE
87.9%
THE HOBBIT
86.7%
HITCHHIKER'S
GUIDE
86.3%
GEORGE ORWELL
85.7%
ROBERT LOUIS
STEVENSON
84.9%
DA VINCI CODE
84.6%
GREAT GATSBY
84.2%
A GAME OF THRONES
81%
JULES VERNE
79.9%
FRABJOUS
78.2%
% Correct
GABRIEL GARCIA
MARQUEZ
77.4%
FRUMIOUS
77.2%
SALEM'S LOT
76.7%
THOMAS HARDY
74.2%
CAMP HALF-BLOOD
73.3%
CIRITH UNGOL
73.3%
DARK TOWER
72.8%
ERAGON
68.7%
NEVERENDING
STORY
68.3%
VOYAGE OF THE
DAWN TREADER
66.9%
CITTAGAZZE
64.3%
CHARN
63.9%
THE STAND
63.6%
TOMMYKNOCKERS
62.3%
BRILLIG
61.2%

You're not logged in!

Compare scores with friends on all Sporcle quizzes.
OR
Log In
Forgot?

From the Vault

Find the Premier League Teams

by teedslaststand

Fun fact: Soccer players are great at math. They really know how to use their heads.
Remove Ads.
Support Sporcle.
Get the best of Sporcle when you Go Orange. This ad-free experience offers more features, more stats, and more fun while also helping to support Sporcle. Thank you for becoming a member.

Show Comments

Extras

Top Quizzes Today


Score Distribution

Your Account Isn't Verified!

In order to create a playlist on Sporcle, you need to verify the email address you used during registration. Go to your Sporcle Settings to finish the process.

Report this User

Report this user for behavior that violates our Community Guidelines.

Details: